| Tag |
First Indicator |
Second Indicator |
Subfields |
| LEADER |
00000cam a2200000I 4500 |
| 001 |
in00000016213 |
| 005 |
20210525122757.0 |
| 008 |
751021s1965 nyu 000 f eng |
| 010 |
|
|
|a 65022137
|
| 035 |
|
|
|a (OCoLC)ocm01722541
|
| 035 |
|
|
|a (OCoLC)01722541
|
| 035 |
|
|
|9 AAA8899AM
|
| 040 |
|
|
|a DLC
|b eng
|c TNH
|d OCL
|d DAY
|d OCL
|d OCLCQ
|d OCLCG
|d FN2
|d CKL
|d FYM
|d OCLCO
|d GAP
|d OCLCF
|d OCLCQ
|d OCLCO
|d OCLCA
|d BGU
|d TXA
|
| 019 |
|
|
|a 616350
|a 265132943
|a 880100109
|
| 035 |
|
|
|a (OCoLC)1722541
|z (OCoLC)616350
|z (OCoLC)265132943
|z (OCoLC)880100109
|
| 043 |
|
|
|a e-sp---
|
| 050 |
0 |
0 |
|a PZ4.C832
|
| 082 |
|
4 |
|a [Fic]
|b C833d
|
| 090 |
|
|
|a PR6053.O774
|b D43 1965
|
| 049 |
|
|
|a TXAM
|
| 100 |
1 |
|
|a Cory, Desmond,
|d 1928-2001,
|e author.
|
| 245 |
1 |
0 |
|a Deadfall /
|c Desmond Cory.
|
| 264 |
|
1 |
|a New York :
|b Walker and Company,
|c [1965]
|
| 300 |
|
|
|a 250 pages
|c 22 cm
|
| 336 |
|
|
|a text
|b txt
|2 rdacontent
|
| 337 |
|
|
|a unmediated
|b n
|2 rdamedia
|
| 338 |
|
|
|a volume
|b nc
|2 rdacarrier
|
| 520 |
|
|
|a A trio of jewel thieves - a woman, a catlike man, and an older man with a past - sweep through Spain, gathering diamonds, but their business arrangement totters because of sexual relations.
|
| 500 |
|
|
|a The Cushing Library/Women & Gender Studies copy was acquired as part of The Don Kelly Research Collection of Gay Literature and Culture.
|5 TXA
|
| 500 |
|
|
|a The Cushing Library/Women & Gender Studies copy is signed by the author.
|
| 650 |
|
0 |
|a Jewel thieves
|v Fiction.
|
| 651 |
|
0 |
|a Spain
|v Fiction.
|
| 650 |
|
7 |
|a Jewel thieves.
|2 fast
|0 (OCoLC)fst00982525
|
| 651 |
|
7 |
|a Spain.
|2 fast
|0 (OCoLC)fst01204303
|
| 655 |
|
7 |
|a Fiction.
|2 fast
|0 (OCoLC)fst01423787
|
| 655 |
|
7 |
|a Mystery fiction.
|2 gsafd
|
| 655 |
|
7 |
|a Detective and mystery fiction.
|2 lcgft
|
| 994 |
|
|
|a C0
|b TXA
|
| 948 |
|
|
|a updated
|b h
|c 2021/5/25
|d c
|e nbehmer
|f 10:56:14 am
|
| 999 |
f |
f |
|s d7f12c13-cdb3-38b2-9c52-05c5d35cb12d
|i 13e54bee-d5d7-375d-aac6-9564cdc2ef33
|t 0
|
| 952 |
f |
f |
|p noncirc
|a Texas A&M University
|b College Station
|c Cushing Memorial Library & Archives
|d Cushing: Women & Gender Studies (Does not check out)
|t 0
|e PR6053.O774 D43 1965
|h Library of Congress classification
|i unmediated -- volume
|
| 952 |
f |
f |
|p normal
|a Texas A&M University
|b College Station
|c Sterling C. Evans Library
|d Evans: Library Stacks
|t 0
|e PR6053.O774 D43 1965
|h Library of Congress classification
|i unmediated -- volume
|m A14812608536
|
| 998 |
f |
f |
|a PR6053.O774 D43 1965
|t 0
|l Evans: Library Stacks
|
| 998 |
f |
f |
|a PR6053.O774 D43 1965
|t 0
|l Cushing: Women & Gender Studies (Does not check out)
|